Universitarios autonomía y desarrollo

Furkejuvvon:
Bibliográfalaš dieđut
Váldodahkki: Ibarra U., Julio (Dahkki)
Materiálatiipa: Girji
Giella:espánnjágiella
Almmustuhtton: Ciudad de México Arana 1972
Fáttát:
Fáddágilkorat: Lasit fáddágilkoriid
Eai fáddágilkorat, Lasit vuosttaš fáddágilkora!

MARC

LEADER 00000nam a2200000 a 4500
001 UCU0558
003 CL-VaPUC
008 960322e19720000MX |||||||||||||||||spa|d
082 0 4 |a 378.006  |b IBA  |2 21 
100 0 |a Ibarra U., Julio  |e author  |9 355845 
245 1 0 |a Universitarios autonomía y desarrollo 
300 |a 136 p 
942 |c BK 
945 |d 19960322 00:00:00  |a lriquelm 
260 |a Ciudad de México  |b Arana  |c 1972 
650 0 |a Universidades  |9 256317 
650 0 |a Educación superior   |9 223851 
650 0 |a Estudiantes universitarios  |9 334744 
650 7 |a FINANCIACION DE LA EDUCACION  |2 CL-VaPUC  |9 309900 
651 0 |a México  |9 255269 
583 |a last modification  |c 19960322 00:00:00  |k Rodrigo Vera 
999 |c 245399  |d 245397 
952 |0 0  |1 0  |4 0  |6 378_006000000000000_IBA_1972  |7 0  |8 P  |9 259894  |a BIBEDU  |b BIBEDU  |c BIBEDU_PB  |d 2019-11-19  |i 1637134  |o 378.006 IBA 1972  |p 1637134  |r 2024-01-25  |w 2019-11-19  |y BK  |k EDU